000 00762nam a2200253Ia 4500
003 OSt
005 20220924122641.0
006 a|||||r|||| 00| 0
007 ta
008 220923b |||||||| |||| 00| 0 san d
024 _a278606
037 _cTextual
040 _aARTS
_cARTS
_bsan
041 _2san
_asan
082 _aB9, J9
100 _aBallabh Ram Ed.
_9190226
245 0 _aPatiganita of sridharacarya with an ancient sanskrit commentary
260 _aLucknow
_bDepartment of mathematics and astronomy India
_c1959
300 _a272
_ccm.
650 _aMATHEMATICS
_92141
700 _a Shukla Kripa Shankar Ed.
_9190227
942 _hB9, J9
_cTEXL
_2CC
999 _c412493
_d412493